| 000 | 01034nam a22002057a 4500 | ||
|---|---|---|---|
| 008 | 160222b xxu||||| |||| 00| 0 eng d | ||
| 082 |
_a708 _bB891b |
||
| 100 |
_aBrugnera, Luiz Carlos _94744 |
||
| 245 |
_aBrugnera Luis Carlos _cLuis Carlos Brugnera; Fernando Cocchiarale |
||
| 260 |
_aCuritiba: _bInstituto Paranaense de Arte, _c2007 |
||
| 300 |
_a189 p. _bill. (col.) _c21 cm. |
||
| 500 | _aTextos en portugués e inglés. | ||
| 505 |
_tFernando Cocchiarale _t Laura Buccellato _tJoão Henrique do Amaral _tNilza Knechtel Procopiak _tDesenhos e Outros _tCasa _tVarais Micro e Macro _tMoto _tExposições _tDescrição Técnica _tResumos Biográficos dos Autores dos Textos Críticos _tTextos Críticos (texts in english) _tCurrículo do Artista |
||
| 600 |
_aBrugnera, LuizCarlos _b1966 - _vExhibiciones _94745 |
||
| 650 |
_aArte Brasileño _xExhibiciones _yS 21 _94746 |
||
| 700 |
_aCocchiarale, Fernando _94317 |
||
| 700 |
_aBuccellato, Laura _94747 |
||
| 700 |
_ado Amaral, João Henrique _94748 |
||
| 700 |
_aKnechtel Procopiak, Nilza _94749 |
||
| 999 |
_c861 _d861 |
||